000 00472nam a2200181Ia 4500
008 230524s9999 xx 000 0 und d
020 _a9788184884395
082 _a337.8
_bSHE
100 _aS.A.Sherlekar
245 0 _aModern Business Organisation and Management: Systems Approach
250 _a5TH
260 _aMUMBAI
_bHimalaya
_c2010
300 _aXXIV;9.64
500 _aQuantity Number: 80
650 _aManagement
700 _a V.S.Sherlekar
942 _cBK
999 _c47860
_d47860